000 01243nam a2200229Ia 4500
001 L200-55021
003 IT-CnALBA
008 170116s9999||||xx |||||||||||||| ||und||
040 _aIT-CnALBA
_cIT-CnALBA
041 _aITALIANO
100 _aMAZZONI LUCIANO
245 0 _aLITURGIA COSMICA. CREATURE ELEMENTI COLORI CELEBRANO L'EUCARESTIA.
250 _a1a ed.
260 _a NEGARINE
_bIL SEGNO DEI GABRIELLI ED.
_c2000 [1° Ed.:2000 - Ed.Ling.Originale: 2000]
300 _a38 p.
500 _aUN FUTURO PER L'UOMO. NEL GIUBILEO, DENTRO IL MISTERO. PER LA CELEBRAZIONE LITURGICA. PER LA VITA DEL CREDENTE. CARATTERE SACRAMENTALE DEL COSMO. IL QUADRUPLICE CORPO DI CRISTO. LA RISURREZIONE E LA LITURGIA COSMICA. CON LE PAROLE DI TEILHARD DE CHARDIN.
501 _aSocietà San Paolo EM - Piazza San Paolo, 14 - 12051 ALBA (CN) (non commercial uses only) ® Copyright 2017
520 _aUN FUTURO PER L'UOMO. NEL GIUBILEO, DENTRO IL MISTERO. PER LA CELEBRAZIONE LITURGICA. PER LA VITA DEL CREDENTE. CARATTERE SACRAMENTALE DEL COSMO. IL QUADRUPLICE CORPO DI CRISTO. LA RISURREZIONE E LA LITURGIA COSMICA. CON LE PAROLE DI TEILHARD DE CHARDIN.
650 _aRELIGIONE - RELIGIONE CRISTIANA
942 _cBK
957 _71
999 _a72511
_bNO
_g Copie: 1
_c313873
_d313873